Groupoid metrization theory : with applications to analysis on quasi-metric spaces and functional analysis
Saved in:
| Other Authors: | |
|---|---|
| Format: | Book |
| Language: | English |
| Published: |
New York :
Birkhauser/Springer,
c2013.
|
| Series: | Applied and numerical harmonic analysis
|
| Subjects: | |
| Tags: |
Add Tag
No Tags, Be the first to tag this record!
|
MARC
| LEADER | 00000nam a2200000 a 4500 | ||
|---|---|---|---|
| 001 | 1/111912 | ||
| 008 | 160915t2013####nyu| ||| |||| ||eng|| | ||
| 020 | |a 9780817683962 | ||
| 040 | |a GR-MyUa |b gre |c GR-MyUa |e AACR2 | ||
| 041 | 0 | |a eng | |
| 082 | 7 | |a 512.2 |2 (23) | |
| 245 | 1 | 0 | |a Groupoid metrization theory : |b with applications to analysis on quasi-metric spaces and functional analysis / |c Dorina Mitrea...[κ. ά.]. |
| 260 | |a New York : |b Birkhauser/Springer, |c c2013. | ||
| 300 | |a xii, 479 σ. ; |c 24 εκ. | ||
| 490 | 1 | |a (Applied and numerical harmonic analysis) | |
| 504 | |a Βιβλιογραφία: σ. 461-465. Ευρετήρια. | ||
| 650 | 0 | |a Groupoids | |
| 650 | 0 | |a Harmonic analysis | |
| 650 | 0 | |a Functional analysis | |
| 700 | 1 | |a Mitrea, Dorina |d 1965- | |
| 830 | 0 | |a Applied and numerical harmonic analysis | |
| 852 | |a INST |b SAMOS |e 20160915 |h 512.2 GRO |p 005300043791 |q 005300043791 |t BK |y 0 | ||
| 922 | |a 3ΕΛΗ |b 201607 |c Τμήμα Μαθηματικών |d Δρές | ||
| 970 | |a Κοσιέρης |b Χρήστος |z 15-09-2016 | ||